Normal view
MARC view
- PhD-Construction Engineering & Management
Entry Topical Term
001 - CONTROL NUMBER
- control field: 123799
003 - CONTROL NUMBER IDENTIFIER
- control field: NUST
005 - DATE AND TIME OF LATEST TRANSACTION
- control field: 20240626125811.0
008 - FIXED-LENGTH DATA ELEMENTS
- fixed length control field: 240626|| aca||aabn | a|a d
040 ## - CATALOGING SOURCE
- Original cataloging agency: NUST
- Transcribing agency: NUST
150 ## - HEADING--TOPICAL TERM
- Topical term or geographic name entry element: PhD-Construction Engineering & Management
670 ## - SOURCE DATA FOUND
- Source citation: Work cat.: (NUST): Jahan, Shah 123798, Modeling Profitability-Influencing Risk Factors for Construction Projects: A System Dynamics Approach/
